• 首页
  • 本馆介绍
  • 公告通知
  • 最新文献
  • 馆藏检索
  • 电子资源
  • 读者导购
  • 参考咨询
  • 我的图书馆
  • 登录
  • 详细信息显示
  • 放入我的书架
  • 预约/预借图书
  • 作者相关作品
  • 分类相关作品
  • 丛书相关作品
  • 出版社相关作品

书目信息

  • 表格格式
  • 工作单格式
  • 卡片格式
题名:
油气田环境保护概论
    
 
作者: 屈撑囤 , 马云 , 谢娟 编著
分册:  
出版信息: 北京   石油工业出版社  2020.1
页数: 241页
开本: 26cm
丛书名:
单 册:
中图分类: X74
科图分类:
主题词: 油气田--环境保护--高等学校--教材 , 油气田 , 环境保护
电子资源:
ISBN: 978-7-5021-7117-9
000 00984nam0 2200289 45
001 012001002495
005 20140914122634.0
010    @a978-7-5021-7117-9@dCNY32.00
100    @a20090731d2009 em y0chiy50 ea
101 0  @achi
102    @aCN@b110000
105    @aa z 000yy
106    @ar
200 1  @a油气田环境保护概论@Ayou qi tian huan jing bao hu gai lun@b专著@f屈撑囤,马云,谢娟编著
210    @a北京@c石油工业出版社@d2020.1
215    @a241页@c图@d26cm
300    @a石油高等院校特色教材 石油教材出版基金资助项目
330    @a本书介绍了石油工业主要工艺过程、各主要工艺过程中环境污染物的主要性质及控制技术、石油工业HSE发展进程及其现状、油气田环境评价等内容。
606 0  @a油气田@x环境保护@x高等学校@j教材
606 0  @a油气田
606 0  @a环境保护
690    @aX74@v4
701  0 @a屈撑囤@Aqu cheng dun@4编著
701  0 @a马云@Ama yun@4编著
701  0 @a谢娟@Axie juan@c(化学化工)@4编著
801  2 @aCN@bBJSDL@c20211018
905    @b1339950-3@dX74@e357@f4
    
    油气田环境保护概论/屈撑囤,马云,谢娟编著.-北京:石油工业出版社,2020.1
    241页:图;26cm
    石油高等院校特色教材 石油教材出版基金资助项目
    
    ISBN 978-7-5021-7117-9:CNY32.00
    本书介绍了石油工业主要工艺过程、各主要工艺过程中环境污染物的主要性质及控制技术、石油工业HSE发展进程及其现状、油气田环境评价等内容。
●
相关链接 在E读中查询图书 在五车中查询图书 在当当中查询图书 在豆瓣中查询图书


正题名:油气田环境保护概论     索取号:X74/357         预约/预借

序号 登录号 条形码 馆藏地/架位号 状态 备注
1 1339950   213399507   第二样本阅览室/ [索取号:X74/357] 在馆    
2 1339951   213399516   第三借阅区/ [索取号:X74/357] 在馆    
3 1339952   213399525   第三借阅区/ [索取号:X74/357] 在馆    
4 1339953   213399534   第三借阅区/ [索取号:X74/357] 在馆    
唐山师范学院图书馆 欢迎您!
大连网信软件有限公司© 版权所有